000 00533nam a2200193Ia 4500
003 LK-CoDNM
008 010623t xxu||||| |||| 00| 1 sin d
040 _aLK-CoDNM
_dLK-CoDNM
_eLK-CoDNM
041 _asin
080 _aX 398 WIJ
100 _aGananathapille , P
_eed.
245 _aශ්‍රී ලංකාවේ ජන කථා
246 _aSri Lankawe Jana Katha
260 _bPartisipatery Development Forum
_aKotte
300 _b60p, 18 cm
700 _aGunawardena , A.J.
700 _aWijesuriya , S.
942 _cBK
999 _c141361
_d141361